[Event "Ambelokipi op 170th"]
[Site "Athens"]
[Date "2018.10.17"]
[Round "6"]
[White "Fotopoulos, Panagiotis"]
[Black "Vazelakis, Dimitrios"]
[Result "0-1"]
[WhiteElo "1601"]
[BlackElo "1810"]
[PlyCount "47"]
[EventDate "2018.09.12"]
[EventType "swiss"]
[EventRounds "7"]
[EventCountry "GRE"]
[SourceTitle "EXT 2020"]
[Source "ChessBase"]
[SourceDate "2019.10.17"]
[SourceVersion "1"]
[SourceVersionDate "2019.10.17"]
[SourceQuality "1"]

1. c4 g6 2. g3 Bg7 3. Bg2 d6 4. d4 Nf6 5. Nf3 0-0 6. 0-0 c6 7. Nc3 Qa5 8. Re1 e5 9. e4 Nbd7 10. a3 exd4 11. Nxd4 Ne5 12. Nb3 Qc7 13. c5 dxc5 14. Bf4 c4 15. Nd2 Be6 16. Qc2 Nfd7 17. b3 cxb3 18. Nxb3 Qd8 19. Nd4 Bc4 20. Red1 Bd3 21. Qd2 Nc5 22. Bxe5 Bxe5 23. Ne6 fxe6 24. Bf1 0-1

[Event "Ambelokipi op 164th"]
[Site "Athens"]
[Date "2017.05.03"]
[Round "1"]
[White "Fotopoulos, Panagiotis"]
[Black "Porichis, Vasilios"]
[Result "1-0"]
[WhiteElo "1591"]
[BlackElo "1000"]
[PlyCount "62"]
[EventDate "2017.05.03"]
[EventType "swiss"]
[EventRounds "7"]
[EventCountry "GRE"]
[SourceTitle "EXT 2024"]
[Source "ChessBase"]
[SourceDate "2023.10.10"]
[SourceVersion "1"]
[SourceVersionDate "2023.10.10"]
[SourceQuality "1"]

1. c4 e5 2. Nc3 Nc6 3. Nf3 Nf6 4. g3 d5 5. cxd5 Nxd5 6. Bg2 g6 7. 0-0 Bg7 8. d3 Be6 9. Ng5 Nxc3 10. bxc3 Qe7 11. Nxe6 Qxe6 12. Ba3 0-0-0 13. Qc2 Kb8 14. Rab1 Na5 15. Rb5 Qa6 16. Rfb1 c6 17. R5b4 Bf8 18. Ra4 Bxa3 19. Rxa3 Rd6 20. Qa4 b6 21. Qxa5 Qxa5 22. Rxa5 Rc8 23. Rxe5 Re6 24. Rxe6 fxe6 25. Rb4 Kc7 26. Rh4 Rh8 27. Be4 g5 28. Rxh7+ Rxh7 29. Bxh7 Kd6 30. Kg2 Kc5 31. Be4 Kb5 1-0

[Event "Peristeri IRT 5th"]
[Site "Peristeri"]
[Date "2016.10.25"]
[Round "7"]
[White "Loukopoulos, Panagiotis Athanasi"]
[Black "Fotopoulos, Panagiotis"]
[Result "1/2-1/2"]
[WhiteElo "1813"]
[BlackElo "1616"]
[PlyCount "81"]
[EventDate "2016.09.13"]
[EventType "tourn"]
[EventRounds "7"]
[EventCountry "GRE"]
[SourceTitle "EXT 2024"]
[Source "ChessBase"]
[SourceDate "2023.10.10"]
[SourceVersion "1"]
[SourceVersionDate "2023.10.10"]
[SourceQuality "1"]

1. e4 e6 2. d4 d5 3. e5 c5 4. c3 Qb6 5. Nf3 Bd7 6. Na3 cxd4 7. cxd4 Bb4+ 8. Bd2 Nc6 9. Nc2 Bxd2+ 10. Qxd2 Qxb2 11. Bd3 Nge7 12. 0-0 Qb6 13. Rab1 Qc7 14. Qg5 Ng6 15. h4 h6 16. Qg3 0-0 17. Bxg6 fxg6 18. Qxg6 Ne7 19. Qd3 Be8 20. Rfc1 Bg6 21. Qa3 Qd7 22. Rb3 Nc6 23. Nb4 Rfc8 24. Rbc3 Nxb4 25. Qxb4 Be8 26. Nd2 Rxc3 27. Rxc3 Rc8 28. Nb3 Rxc3 29. Qxc3 Qc6 30. Qxc6 Bxc6 31. Na5 Kf7 32. Nxc6 bxc6 33. Kf1 h5 34. f3 Ke7 35. Ke2 Kd7 36. g4 g6 37. Ke3 Kc7 38. gxh5 gxh5 39. f4 Kd7 40. Kd3 Kc7 41. Ke3 1/2-1/2

[Event "Peristeri IRT 5th"]
[Site "Peristeri"]
[Date "2016.09.13"]
[Round "1"]
[White "Fotopoulos, Panagiotis"]
[Black "Tagklis, Ioannis"]
[Result "1-0"]
[WhiteElo "1616"]
[BlackElo "1513"]
[PlyCount "89"]
[EventDate "2016.09.13"]
[EventType "tourn"]
[EventRounds "7"]
[EventCountry "GRE"]
[SourceTitle "EXT 2024"]
[Source "ChessBase"]
[SourceDate "2023.10.10"]
[SourceVersion "1"]
[SourceVersionDate "2023.10.10"]
[SourceQuality "1"]

1. c4 Nf6 2. Nc3 e6 3. g3 d5 4. cxd5 exd5 5. d4 c6 6. Bg2 Be7 7. Nf3 0-0 8. 0-0 Re8 9. Re1 Nbd7 10. Qc2 h6 11. Bf4 Nf8 12. Ne5 N6d7 13. Nf3 Ng6 14. Bd2 Nf6 15. a3 Bd6 16. b4 a6 17. Na4 Ne4 18. Bc1 Qc7 19. Nc5 f5 20. e3 b6 21. Nd3 Be6 22. Bb2 Rac8 23. Rac1 Qe7 24. Nfe5 Nxe5 25. dxe5 Bb8 26. Qe2 g5 27. f3 Qd7 28. fxe4 fxe4 29. Nf2 Bf5 30. Qxa6 b5 31. a4 bxa4 32. Qxa4 Bxe5 33. Bxe5 Rxe5 34. Rc5 Qb7 35. Rec1 Bd7 36. Qa1 Ree8 37. Qf6 Re6 38. Qd4 Ree8 39. Bf1 g4 40. Qf6 Re6 41. Qh4 Rg6 42. Qh5 Kh7 43. Be2 Qxb4 44. Bxg4 Qd2 45. Bxd7 1-0